[Event "Milan Expo op"]
[Site "Milan"]
[Date "2015.06.28"]
[Round "9"]
[White "Dadello, Aleksandra"]
[Black "Villalba, Fernando"]
[Result "1-0"]
[WhiteElo "2068"]
[BlackElo "1811"]
[PlyCount "66"]
[EventDate "2015.06.20"]
[EventType "swiss"]
[EventRounds "9"]
[EventCountry "ITA"]
[SourceTitle "CBM 167 Extra"]
[Source "ChessBase"]
[SourceDate "2015.09.14"]
[SourceVersion "1"]
[SourceVersionDate "2015.09.14"]
[SourceQuality "1"]

1. e4 c5 2. Nf3 Nc6 3. d4 cxd4 4. Nxd4 g6 5. Nc3 Bg7 6. Be3 Nf6 7. Bc4 0-0 8. Bb3 a5 9. a4 d5 10. exd5 Nb4 11. Ndb5 Bf5 12. 0-0 Ng4 13. Bf4 Nf6 14. Re1 Na6 15. Qe2 Re8 16. Rad1 Bd7 17. Be5 Bg4 18. f3 Bd7 19. Qf2 Bxb5 20. Nxb5 Nd7 21. Bxg7 Kxg7 22. Qd4+ Kg8 23. d6 e5 24. Qd5 Rf8 25. Qxb7 Nac5 26. Qd5 Nxb3 27. Qxb3 Qb6+ 28. Qe3 Qc6 29. c3 Kg7 30. f4 exf4 31. Qxf4 Rfe8 32. Re7 Rf8 33. Nc7 Qxc7 1-0

[Event "Milan Expo op"]
[Site "Milan"]
[Date "2015.06.23"]
[Round "4"]
[White "Villalba, Fernando"]
[Black "Radionov, Deni"]
[Result "1-0"]
[WhiteElo "1811"]
[BlackElo "1461"]
[PlyCount "27"]
[EventDate "2015.06.20"]
[EventType "swiss"]
[EventRounds "9"]
[EventCountry "ITA"]
[SourceTitle "CBM 167 Extra"]
[Source "ChessBase"]
[SourceDate "2015.09.14"]
[SourceVersion "1"]
[SourceVersionDate "2015.09.14"]
[SourceQuality "1"]

1. d4 d5 2. Nf3 e6 3. Bf4 f5 4. e3 c6 5. c3 Nf6 6. Be2 Be7 7. Nbd2 0-0 8. h3 Nbd7 9. 0-0 Ne4 10. Rc1 g5 11. Bh2 Ndf6 12. Ne5 Nd7 13. c4 Nxd2 14. Qxd2 1-0

[Event "Milan Expo op"]
[Site "Milan"]
[Date "2015.06.22"]
[Round "3"]
[White "Villalba, Fernando"]
[Black "Burani, Eugenio"]
[Result "0-1"]
[WhiteElo "1811"]
[BlackElo "1828"]
[PlyCount "46"]
[EventDate "2015.06.20"]
[EventType "swiss"]
[EventRounds "9"]
[EventCountry "ITA"]
[SourceTitle "CBM 167 Extra"]
[Source "ChessBase"]
[SourceDate "2015.09.14"]
[SourceVersion "1"]
[SourceVersionDate "2015.09.14"]
[SourceQuality "1"]

1. d4 Nf6 2. Nf3 c5 3. c3 b6 4. Bf4 Bb7 5. e3 g6 6. Be2 Bg7 7. Nbd2 d6 8. 0-0 0-0 9. h3 Nbd7 10. Rc1 Re8 11. a4 Nf8 12. Bb5 N8d7 13. Re1 a6 14. Be2 e5 15. dxe5 dxe5 16. Bg3 e4 17. Nh2 Ne5 18. Bxe5 Rxe5 19. Nc4 Qc7 20. Qc2 b5 21. axb5 axb5 22. Na3 c4 23. Rcd1 Qb6 0-1

[Event "Milan SSM op"]
[Site "Milan"]
[Date "2015.02.03"]
[Round "7"]
[White "Villalba, Fernando"]
[Black "Montaruli, Roberto"]
[Result "0-1"]
[WhiteElo "1833"]
[BlackElo "1844"]
[PlyCount "76"]
[EventDate "2015.01.13"]
[EventType "swiss"]
[EventRounds "8"]
[EventCountry "ITA"]
[SourceTitle "EXT 2017"]
[Source "ChessBase"]
[SourceDate "2016.10.25"]
[SourceVersion "1"]
[SourceVersionDate "2016.10.25"]
[SourceQuality "1"]

1. d4 d5 2. Nf3 e6 3. Bf4 c5 4. c3 Nc6 5. e3 Qb6 6. Qb3 Nf6 7. Qxb6 axb6 8. Bc7 Nd7 9. Ne5 Ndxe5 10. dxe5 c4 11. Bxb6 Nxe5 12. Bc7 Nc6 13. Bg3 b5 14. Nd2 b4 15. Be2 bxc3 16. bxc3 Be7 17. 0-0 0-0 18. Bf3 Ba6 19. e4 d4 20. e5 Rac8 21. Ne4 dxc3 22. Nxc3 Nd4 23. Rfc1 Ba3 24. Ne4 Nxf3+ 25. gxf3 Bxc1 26. Rxc1 Rc6 27. Nc3 Rd8 28. Bf4 Rd3 29. Kg2 Bb7 30. Be3 Rc8 31. Nb5 Bd5 32. Nc3 Rb8 33. Nxd5 exd5 34. Bc5 c3 35. f4 Rb2 36. f5 c2 37. e6 fxe6 38. fxe6 Rd1 0-1

[Event "Milan Crespi op-C 35th"]
[Site "Milan"]
[Date "2014.12.08"]
[Round "7"]
[White "Villalba, Fernando"]
[Black "Laurino, Alberto"]
[Result "1/2-1/2"]
[WhiteElo "1848"]
[BlackElo "1770"]
[PlyCount "60"]
[EventDate "2014.12.04"]
[EventType "swiss"]
[EventRounds "7"]
[EventCountry "ITA"]
[SourceTitle "EXT 2017"]
[Source "ChessBase"]
[SourceDate "2016.10.25"]
[SourceVersion "1"]
[SourceVersionDate "2016.10.25"]
[SourceQuality "1"]

1. d4 Nf6 2. Nf3 g6 3. Bf4 Bg7 4. c3 d6 5. e3 0-0 6. Be2 b6 7. Nbd2 Bb7 8. h3 Nbd7 9. 0-0 c5 10. Rc1 Rc8 11. Bh2 Ne4 12. Bd3 Ndf6 13. Nxe4 Bxe4 14. Ba6 Rb8 15. Nd2 Bc6 16. Be2 Qd7 17. Bf3 Qb7 18. Re1 Ne4 19. Nxe4 Bxe4 20. Bxe4 Qxe4 21. Qf3 Qxf3 22. gxf3 Rbc8 23. d5 b5 24. e4 f6 25. b3 g5 26. f4 Bh6 27. e5 gxf4 28. exd6 exd6 29. Re6 Rcd8 30. Rc2 Rd7 1/2-1/2

[Event "Milan Befana op-B"]
[Site "Milan"]
[Date "2014.01.06"]
[Round "7"]
[White "Villalba, Fernando"]
[Black "Colica, Daniele"]
[Result "1/2-1/2"]
[WhiteElo "1856"]
[BlackElo "1698"]
[PlyCount "120"]
[EventDate "2014.01.02"]
[EventType "swiss"]
[EventRounds "7"]
[EventCountry "ITA"]
[SourceTitle "EXT 2015"]
[Source "ChessBase"]
[SourceDate "2014.11.20"]
[SourceVersion "1"]
[SourceVersionDate "2014.11.20"]
[SourceQuality "1"]

1. d4 Nf6 2. Nf3 e6 3. Bf4 b6 4. e3 Bb7 5. Be2 d6 6. h3 Be7 7. c4 Nbd7 8. Nc3 0-0 9. 0-0 Ne4 10. Nxe4 Bxe4 11. Nd2 Bb7 12. Nf3 Bf6 13. Bh2 Qe7 14. Rc1 e5 15. dxe5 dxe5 16. b3 Rad8 17. Qc2 Nc5 18. Qb1 Bxf3 19. Bxf3 e4 20. Bg4 Be5 21. Rcd1 Bxh2+ 22. Kxh2 Qe5+ 23. Kg1 Nd3 24. Be2 Nb2 25. Rxd8 Rxd8 26. Qc2 f5 27. Rb1 Nd3 28. Rd1 Qd6 29. Qc3 c5 30. a3 a5 31. g3 Kf7 32. Kg2 Qf6 33. Qxf6+ Kxf6 34. Kf1 Ke7 35. Bxd3 exd3 36. f3 Kf6 37. Ke1 h5 38. Kd2 h4 39. gxh4 Rh8 40. Kxd3 Rxh4 41. Rh1 g5 42. Kc3 Ke5 43. b4 g4 44. fxg4 fxg4 45. bxc5 Rxh3 46. Rb1 bxc5 47. Kd3 g3 48. Rg1 Kf5 49. a4 Kg4 50. Ke4 Rh2 51. Rb1 Ra2 52. Rb8 Rxa4 53. Rg8+ Kh3 54. Kf3 Kh2 55. Rxg3 Rxc4 56. Rg2+ Kh1 57. Ra2 a4 58. Kg3 Rc1 59. Rxa4 Rg1+ 60. Kf2 Rg2+ 1/2-1/2

[Event "Milan Befana op-B"]
[Site "Milan"]
[Date "2014.01.05"]
[Round "5"]
[White "Villalba, Fernando"]
[Black "Riboldi, Raffaele"]
[Result "1/2-1/2"]
[WhiteElo "1856"]
[BlackElo "1895"]
[PlyCount "36"]
[EventDate "2014.01.02"]
[EventType "swiss"]
[EventRounds "7"]
[EventCountry "ITA"]
[SourceTitle "EXT 2015"]
[Source "ChessBase"]
[SourceDate "2014.11.20"]
[SourceVersion "1"]
[SourceVersionDate "2014.11.20"]
[SourceQuality "1"]

1. d4 Nf6 2. Nf3 e6 3. Bf4 d5 4. e3 Be7 5. c3 h6 6. Be2 0-0 7. 0-0 b6 8. Nbd2 Bb7 9. c4 Nbd7 10. cxd5 exd5 11. Rc1 Rc8 12. a3 c5 13. dxc5 bxc5 14. Ne5 Nxe5 15. Bxe5 Qb6 16. Qb3 Nd7 17. Qxb6 axb6 18. Bc3 Bf6 1/2-1/2

[Event "Milan Crespi op-A 34th"]
[Site "Milan"]
[Date "2013.12.08"]
[Round "7"]
[White "Monticone, Sonia"]
[Black "Villalba, Fernando"]
[Result "1-0"]
[WhiteElo "1830"]
[BlackElo "1835"]
[PlyCount "127"]
[EventDate "2013.12.04"]
[EventType "swiss"]
[EventRounds "7"]
[EventCountry "ITA"]
[SourceTitle "EXT 2024"]
[Source "ChessBase"]
[SourceDate "2023.10.10"]
[SourceVersion "1"]
[SourceVersionDate "2023.10.10"]
[SourceQuality "1"]

1. c4 c5 2. Nc3 Nc6 3. Nf3 d6 4. e3 Nf6 5. d4 cxd4 6. exd4 g6 7. d5 Nb8 8. Be2 Bg7 9. 0-0 0-0 10. Bf4 Nbd7 11. Qd2 Nc5 12. Bh6 Nce4 13. Nxe4 Nxe4 14. Qc1 Nf6 15. Bxg7 Kxg7 16. Qc3 Bg4 17. h3 Bxf3 18. Bxf3 Rc8 19. Qd4 Qc7 20. b3 b6 21. Rfe1 Rfe8 22. g4 Kg8 23. g5 Nd7 24. Bg4 Rb8 25. Rad1 Ne5 26. Be2 Qc8 27. Kg2 a5 28. a4 Qc5 29. Qc3 Qc8 30. f4 Nd7 31. Bg4 Qc7 32. h4 f5 33. Bf3 Nc5 34. h5 e5 35. dxe6 Qg7 36. Qxg7+ Kxg7 37. h6+ Kf8 38. Rxd6 Ke7 39. Rdd1 Rbd8 40. Rxd8 Rxd8 41. Bd5 Rd6 42. Re3 Na6 43. Kf1 Nb4 44. Ke2 Na6 45. Kd2 Nb4 46. Re5 Nc6 47. Re3 Nb4 48. Kc3 Rd8 49. Re5 Na2+ 50. Kd4 Nb4 51. Kc3 Rd6 52. Re2 Rd8 53. Rd2 Na6 54. Bb7 Rxd2 55. Kxd2 Nc5 56. Bd5 Nxb3+ 57. Kc3 Nc5 58. Bc6 Kd6 59. Be8 Nxe6 60. Bxg6 Ke7 61. Bxh7 Nxf4 62. Bxf5 Kf7 63. Kd4 Nh5 64. Kd5 1-0

[Event "Milan Crespi op-A 34th"]
[Site "Milan"]
[Date "2013.12.07"]
[Round "5"]
[White "Bonassi, Tommaso"]
[Black "Villalba, Fernando"]
[Result "0-1"]
[WhiteElo "1970"]
[BlackElo "1835"]
[PlyCount "74"]
[EventDate "2013.12.04"]
[EventType "swiss"]
[EventRounds "7"]
[EventCountry "ITA"]
[SourceTitle "EXT 2024"]
[Source "ChessBase"]
[SourceDate "2023.10.10"]
[SourceVersion "1"]
[SourceVersionDate "2023.10.10"]
[SourceQuality "1"]

1. e4 c5 2. Nf3 Nc6 3. d4 cxd4 4. Nxd4 g6 5. Nxc6 bxc6 6. Qd4 Nf6 7. e5 Nd5 8. e6 f6 9. exd7+ Qxd7 10. Bd3 Bg7 11. 0-0 0-0 12. f4 f5 13. Qc4 Qc7 14. Nc3 e6 15. Ne2 a5 16. Qa4 Rb8 17. c3 Rd8 18. Bc4 Qa7+ 19. Kh1 Bd7 20. Qc2 Qc5 21. b3 Qd6 22. Bd2 Qe7 23. Rae1 Nb6 24. Bd3 c5 25. c4 Bc6 26. Bxa5 Qb7 27. Rf2 Rd6 28. Bc3 Rbd8 29. Bxg7 Rxd3 30. Bf6 Rd2 31. Qc1 R8d3 32. Bc3 Rxa2 33. Qb1 Rxe2 34. Rexe2 Rxc3 35. Rxe6 Be4 36. Qd1 Qd7 37. Qe1 Rxb3 0-1

[Event "Milan Crespi op-B 33rd"]
[Site "Milan"]
[Date "2012.12.09"]
[Round "6"]
[White "Villalba, Fernando"]
[Black "Nardone, Massimo"]
[Result "0-1"]
[WhiteElo "1852"]
[BlackElo "1925"]
[PlyCount "112"]
[EventDate "2012.12.05"]
[EventType "swiss"]
[EventRounds "7"]
[EventCountry "ITA"]
[SourceTitle "EXT 2015"]
[Source "ChessBase"]
[SourceDate "2014.11.20"]
[SourceVersion "1"]
[SourceVersionDate "2014.11.20"]
[SourceQuality "1"]

1. d4 b6 2. Nf3 Bb7 3. Bf4 Nf6 4. e3 e6 5. Nbd2 Be7 6. Be2 0-0 7. 0-0 Nh5 8. Bg3 Nxg3 9. hxg3 f5 10. c3 d6 11. Bc4 d5 12. Bb3 Nd7 13. c4 c6 14. cxd5 cxd5 15. Ba4 Nf6 16. Ne5 a6 17. a3 b5 18. Bc2 Nd7 19. Nd3 Bd6 20. f4 Rc8 21. Nf3 h6 22. Bb3 Qe7 23. Nde5 Bxe5 24. fxe5 Rc7 25. Rc1 Nb6 26. Qd2 Rfc8 27. Rxc7 Qxc7 28. Qe2 Bc6 29. Ne1 Nc4 30. Nd3 Na5 31. Ba2 Nb7 32. Rc1 Qd8 33. Nf4 Bd7 34. Re1 Rc7 35. Nd3 Qc8 36. Bb1 Na5 37. Nc5 Nc4 38. g4 fxg4 39. Qxg4 Nxe5 40. dxe5 Rxc5 41. Qg6 Rc1 42. Qh7+ Kf8 43. Rxc1 Qxc1+ 44. Kh2 Qxe3 45. Qh8+ Kf7 46. Qd8 Qxe5+ 47. g3 Qxb2+ 48. Kh3 Qxb1 49. Qxd7+ Kf6 50. Qd8+ Ke5 51. Qc7+ Kd4 52. Qf4+ Qe4 53. Qd2+ Kc5 54. Qc3+ Kd6 55. Qxg7 Qf3 56. Qxh6 Qh1+ 0-1

[Event "Milan SSM op"]
[Site "Milan"]
[Date "2012.08.01"]
[Round "7"]
[White "Villalba, Fernando"]
[Black "Colombo, Luca"]
[Result "1/2-1/2"]
[WhiteElo "1858"]
[BlackElo "1887"]
[PlyCount "153"]
[EventDate "2012.07.27"]
[EventType "swiss"]
[EventRounds "7"]
[EventCountry "ITA"]
[SourceTitle "EXT 2014"]
[Source "ChessBase"]
[SourceDate "2013.11.20"]
[SourceVersion "1"]
[SourceVersionDate "2013.11.20"]
[SourceQuality "1"]

1. e4 c5 2. d4 cxd4 3. c3 Nf6 4. Bd3 dxc3 5. Nxc3 Nc6 6. Nf3 d6 7. Bg5 Qb6 8. Rb1 Ng4 9. 0-0 Nge5 10. Be3 Qd8 11. Bb5 Bg4 12. Be2 Bxf3 13. Bxf3 Nxf3+ 14. Qxf3 Ne5 15. Qe2 g6 16. f4 Nc6 17. Rbd1 Qa5 18. Nd5 Bg7 19. a3 0-0 20. f5 Be5 21. Rf3 e6 22. Nc3 exf5 23. exf5 Ne7 24. g4 Rac8 25. f6 Nc6 26. Qf2 Rfe8 27. Qh4 Re6 28. g5 h5 29. Qf2 Bxc3 30. bxc3 Qxa3 31. Bf4 Ne5 32. Bxe5 Rxe5 33. Qd2 Qc5+ 34. Kh1 Rxg5 35. Qxd6 Qxd6 36. Rxd6 Rc7 37. Rd8+ Kh7 38. Re3 Rgc5 39. Ree8 g5 40. Rg8 Kh6 41. Rg7 Rc8 42. Rd7 R5c7 43. Rgxf7 Rxd7 44. Rxd7 Rxc3 45. Rxb7 a5 46. Ra7 Rc5 47. Kg2 Kg6 48. f7 Rf5 49. f8Q Rxf8 50. Rxa5 Re8 51. Ra6+ Kf5 52. Ra5+ Re5 53. Ra1 Re4 54. Rb1 Rd4 55. Ra1 Kg4 56. Ra3 Rd2+ 57. Kg1 Kh4 58. Ra4+ g4 59. Rb4 Rc2 60. Ra4 Re2 61. Rb4 Re3 62. Rb2 Rf3 63. Rb1 Kh3 64. Ra1 h4 65. Rb1 g3 66. hxg3 hxg3 67. Ra1 Rd3 68. Rb1 Rd2 69. Kh1 Re2 70. Ra1 Kg4 71. Kg1 Kf3 72. Ra3+ Kg4 73. Ra1 Kh3 74. Kh1 Rf2 75. Rb1 g2+ 76. Kg1 Rf3 77. Ra1 1/2-1/2

[Event "Milan SSM op"]
[Site "Milan"]
[Date "2012.07.29"]
[Round "4"]
[White "Villalba, Fernando"]
[Black "Margstahler, Francesco"]
[Result "0-1"]
[WhiteElo "1858"]
[BlackElo "1787"]
[PlyCount "68"]
[EventDate "2012.07.27"]
[EventType "swiss"]
[EventRounds "7"]
[EventCountry "ITA"]
[SourceTitle "EXT 2014"]
[Source "ChessBase"]
[SourceDate "2013.11.20"]
[SourceVersion "1"]
[SourceVersionDate "2013.11.20"]
[SourceQuality "1"]

1. d4 d5 2. Nf3 Nf6 3. Bf4 c5 4. e3 Nc6 5. c3 Qb6 6. Qb3 c4 7. Qxb6 axb6 8. Nbd2 b5 9. Be2 Bf5 10. a3 b4 11. 0-0 b3 12. Ne5 e6 13. Ndf3 Be7 14. Nh4 Bc2 15. Nhf3 0-0 16. h3 Ra4 17. Nd2 Rfa8 18. Nxc6 bxc6 19. Bg5 Bxa3 20. Rxa3 Rxa3 21. bxa3 Rxa3 22. Bxf6 gxf6 23. f3 b2 24. Nb1 Ra1 25. Nd2 Rc1 26. Kf2 Ba4 27. Nb1 Bb3 28. e4 Ba2 29. Nd2 Rxc3 30. exd5 cxd5 31. Rd1 Rc1 32. Ke3 c3 33. Kd3 cxd2 34. Kxd2 Rxd1+ 0-1

[Event "Milan Repubblica op"]
[Site "Milan"]
[Date "2012.05.31"]
[Round "1"]
[White "Bosi, Clint"]
[Black "Villalba, Fernando"]
[Result "1/2-1/2"]
[WhiteElo "2045"]
[BlackElo "1862"]
[PlyCount "115"]
[EventDate "2012.05.31"]
[EventType "swiss"]
[EventRounds "6"]
[EventCountry "ITA"]
[SourceTitle "EXT 2015"]
[Source "ChessBase"]
[SourceDate "2014.11.20"]
[SourceVersion "1"]
[SourceVersionDate "2014.11.20"]
[SourceQuality "1"]

1. f4 d5 2. Nf3 g6 3. g3 Bg7 4. Bg2 Nf6 5. 0-0 0-0 6. d3 c5 7. c3 Nc6 8. Na3 a6 9. Nh4 b5 10. e4 dxe4 11. dxe4 Qb6 12. Qe2 Bg4 13. Qf2 Bc8 14. h3 b4 15. Nc2 Bb7 16. Be3 Nd7 17. Rad1 Rad8 18. e5 bxc3 19. bxc3 Na5 20. Bxb7 Nxb7 21. Nb4 Qe6 22. Nd5 Nxe5 23. Nc7 Qc6 24. Rxd8 Nxd8 25. Nxa6 Nd3 26. Nb8 Nxf2 27. Nxc6 Nxh3+ 28. Kh2 Nxc6 29. Kxh3 c4 30. Rc1 Ra8 31. Rc2 Ra3 32. Bd2 Na7 33. Nf3 Nb5 34. Ne5 Nd6 35. Bc1 Ra8 36. Kg2 Bxe5 37. fxe5 Ne4 38. Kf3 Nc5 39. Bf4 Kg7 40. Ke3 Ne6 41. Ke4 Ra5 42. Be3 f5+ 43. exf6+ exf6 44. Rb2 g5 45. Bd4 Kg6 46. g4 Nxd4 47. Kxd4 Ra4 48. Rh2 f5 49. gxf5+ Kxf5 50. Rxh7 Rxa2 51. Kxc4 Kg6 52. Rh8 Kg7 53. Rh1 g4 54. Kd5 g3 55. Rg1 g2 56. Ke4 Rc2 57. Kf3 Rxc3+ 58. Kxg2 1/2-1/2

[Event "Milan op 02"]
[Site "Milan"]
[Date "2012.02.19"]
[Round "6"]
[White "Nepi, Ezio"]
[Black "Villalba, Fernando"]
[Result "1-0"]
[WhiteElo "1934"]
[BlackElo "1881"]
[PlyCount "151"]
[EventDate "2012.02.15"]
[EventType "swiss"]
[EventRounds "6"]
[EventCountry "ITA"]
[SourceTitle "EXT 2014"]
[Source "ChessBase"]
[SourceDate "2013.11.20"]
[SourceVersion "1"]
[SourceVersionDate "2013.11.20"]
[SourceQuality "1"]

1. d4 Nf6 2. c4 e6 3. g3 d5 4. Bg2 c6 5. Qc2 Be7 6. Nf3 0-0 7. 0-0 Nbd7 8. Nbd2 h6 9. b3 dxc4 10. Nxc4 Nd5 11. Bb2 N7f6 12. Rad1 a5 13. a3 Qc7 14. Rfe1 b5 15. Nce5 Bb7 16. e4 Nb6 17. Rc1 Rac8 18. Qb1 Qd8 19. Nd3 a4 20. Nc5 Ba8 21. b4 Nc4 22. Bf1 Nxb2 23. Qxb2 Bxc5 24. dxc5 Qe7 25. Rcd1 Rcd8 26. Qc2 Rxd1 27. Rxd1 Rd8 28. Rxd8+ Qxd8 29. Qd2 Qxd2 30. Nxd2 Nd7 31. Nf3 Nb8 32. Bh3 Kf8 33. e5 Ke7 34. Nd4 g6 35. f4 Na6 36. Bg2 Kd7 37. Kf2 Nc7 38. Ke2 Nd5 39. Kd3 h5 40. h3 Bb7 41. Ne2 Ke7 42. g4 hxg4 43. hxg4 Kd7 44. Be4 Ne7 45. Nd4 Kc7 46. Ke2 Bc8 47. Kf3 Bd7 48. Kg3 Kd8 49. Kh4 Ke8 50. Kg5 Kf8 51. Kh6 Kg8 52. Nf3 Nc8 53. Ng5 Ne7 54. Nh7 Bc8 55. Nf6+ Kf8 56. Bd3 Bb7 57. Kg5 Bc8 58. Be4 Bb7 59. Nd7+ Ke8 60. Nb6 Kf8 61. f5 exf5 62. gxf5 gxf5 63. Bxf5 Nxf5 64. Kxf5 Ke7 65. Kg5 Ke6 66. Kf4 f6 67. exf6 Kxf6 68. Nd7+ Ke6 69. Ne5 Kd5 70. Kf5 Kd4 71. Ke6 Kc3 72. Kd6 Kb3 73. Nxc6 Kxa3 74. Na5 Bf3 75. c6 Bxc6 76. Nxc6 1-0

[Event "Milan Crespi op-B 32nd"]
[Site "Milan"]
[Date "2011.12.07"]
[Round "1"]
[White "Villalba, Fernando"]
[Black "Virzi, Ettore"]
[Result "1-0"]
[WhiteElo "1865"]
[BlackElo "1966"]
[PlyCount "123"]
[EventDate "2011.12.07"]
[EventType "swiss"]
[EventRounds "7"]
[EventCountry "ITA"]
[SourceTitle "EXT 2022"]
[Source "ChessBase"]
[SourceDate "2021.10.06"]
[SourceVersion "1"]
[SourceVersionDate "2021.10.06"]
[SourceQuality "1"]

1. d4 Nf6 2. Nf3 g6 3. Bf4 Bg7 4. e3 d6 5. h3 0-0 6. Be2 c5 7. c3 Be6 8. dxc5 dxc5 9. Qxd8 Rxd8 10. 0-0 Nc6 11. Nbd2 h6 12. Nb3 b6 13. Bb5 Bd7 14. Rfd1 Ne5 15. Be2 Nc6 16. Nbd2 Bc8 17. Nc4 Bb7 18. Ncd2 Nd5 19. Bh2 e5 20. Ne4 Nce7 21. Ned2 e4 22. Ne5 f6 23. Nec4 Ba6 24. Bf1 f5 25. a4 Rd7 26. a5 b5 27. Ne5 Bxe5 28. Bxe5 Nc6 29. Bh2 c4 30. Be2 Rad8 31. Nf1 Nf6 32. g4 Rxd1 33. Bxd1 Bc8 34. gxf5 gxf5 35. Bg3 Rd5 36. Bh4 Kg7 37. Bc2 Ne5 38. Bg3 Nf3+ 39. Kg2 a6 40. b3 Nd2 41. bxc4 Nxc4 42. Bb3 Rd3 43. Bxc4 bxc4 44. Be5 Kf7 45. Rb1 Rd5 46. Bd4 Rxa5 47. Rb8 Be6 48. Ng3 Rb5 49. Ra8 Ra5 50. Ra7+ Nd7 51. Ne2 Ra2 52. Nf4 Ra5 53. Rc7 Rb5 54. Rc6 Bd5 55. Rxa6 Bb7 56. Rxh6 Rb1 57. Rh7+ Ke8 58. h4 Rb5 59. h5 Nf8 60. Rh8 Kf7 61. h6 Ng6 62. Rh7+ 1-0

[Event "Milan SSM op"]
[Site "Milan"]
[Date "2011.08.02"]
[Round "2"]
[White "Bemporad, Filippo"]
[Black "Villalba, Fernando"]
[Result "1-0"]
[WhiteElo "2068"]
[BlackElo "1817"]
[PlyCount "135"]
[EventDate "2011.07.29"]
[EventType "swiss"]
[EventRounds "7"]
[EventCountry "ITA"]
[SourceTitle "EXT 2014"]
[Source "ChessBase"]
[SourceDate "2013.11.20"]
[SourceVersion "1"]
[SourceVersionDate "2013.11.20"]
[SourceQuality "1"]

1. d4 Nf6 2. Nf3 e6 3. c4 Bb4+ 4. Nbd2 d5 5. e3 c6 6. Bd3 0-0 7. 0-0 Nbd7 8. b3 Be7 9. Bb2 h6 10. Rc1 a5 11. a3 c5 12. Ne5 cxd4 13. exd4 dxc4 14. Ndxc4 Nb6 15. Nxb6 Qxb6 16. Nc4 Qd8 17. Qe2 b6 18. Ne5 Bb7 19. Nc6 Qd7 20. Bb5 Qd6 21. d5 Bxc6 22. dxc6 Qc7 23. Rfd1 Rfd8 24. Be5 Bd6 25. Rxd6 Rxd6 26. Qc4 Rad8 27. Bxd6 Rxd6 28. b4 axb4 29. axb4 Rd5 30. Ba4 Rh5 31. h3 Rd5 32. Bd1 Ne8 33. Bf3 Rd6 34. Ra1 Rd8 35. Ra6 Rb8 36. Qa2 Qf4 37. Qb2 Nc7 38. Ra7 Nb5 39. Rd7 Nc7 40. Rd4 Qf6 41. Qd2 Ra8 42. Rd7 Qa1+ 43. Kh2 Qe5+ 44. g3 Rc8 45. Bg2 Na6 46. Rd8+ Rxd8 47. Qxd8+ Kh7 48. Qxb6 Nc7 49. Bf3 f5 50. Qa5 Qd6 51. Kg2 g5 52. Qa7 Kg6 53. b5 g4 54. hxg4 fxg4 55. Be4+ Kf6 56. Qa1+ e5 57. b6 Ne6 58. c7 Nxc7 59. bxc7 Qxc7 60. Qa6+ Ke7 61. Qxh6 Qc3 62. Qg7+ Kd6 63. Qxg4 Qd4 64. Qg6+ Kc5 65. Qc6+ Kb4 66. g4 Qd2 67. Bf3 Qd4 68. Qe4 1-0

[Event "Milan SSM op"]
[Site "Milan"]
[Date "2011.07.31"]
[Round "4"]
[White "Villalba, Fernando"]
[Black "Quaranta, Cristiano"]
[Result "0-1"]
[WhiteElo "1817"]
[BlackElo "2140"]
[PlyCount "94"]
[EventDate "2011.07.29"]
[EventType "swiss"]
[EventRounds "7"]
[EventCountry "ITA"]
[SourceTitle "EXT 2014"]
[Source "ChessBase"]
[SourceDate "2013.11.20"]
[SourceVersion "1"]
[SourceVersionDate "2013.11.20"]
[SourceQuality "1"]

1. d4 Nf6 2. Nf3 g6 3. Bf4 Bg7 4. c3 d6 5. e3 0-0 6. Be2 c5 7. h3 Be6 8. 0-0 Qb6 9. Qc1 Rc8 10. dxc5 Qxc5 11. Nbd2 b5 12. Nb3 Qb6 13. Nbd4 Bd7 14. Nc2 a5 15. a3 Na6 16. Nd2 Rab8 17. Bg5 Nc5 18. Bxf6 Bxf6 19. Qd1 Na4 20. Rb1 Bxc3 21. bxc3 Nxc3 22. Qe1 Nxe2+ 23. Qxe2 Rxc2 24. Qd3 Rbc8 25. Nf3 R2c3 26. Qe4 Bf5 27. Qh4 Bxb1 28. Rxb1 Rc1+ 29. Rxc1 Rxc1+ 30. Kh2 f6 31. Qh6 Qd8 32. e4 Rc4 33. Qe3 Qc7 34. Qd3 d5+ 35. g3 dxe4 36. Qd5+ Kg7 37. Nd4 Rxd4 38. Qxd4 Qd6 39. Qxe4 Qxa3 40. h4 Qc5 41. Kg2 a4 42. g4 a3 43. Qe6 Qe5 44. Qa2 Qe4+ 45. Kg3 Qe5+ 46. Kg2 b4 47. f3 Qb2+ 0-1

[Event "Milan Crespi op-B 31th"]
[Site "Milan"]
[Date "2010.12.08"]
[Round "6"]
[White "Velluti, Alberto"]
[Black "Villalba, Fernando"]
[Result "1-0"]
[WhiteElo "1947"]
[BlackElo "1889"]
[PlyCount "125"]
[EventDate "2010.12.04"]
[EventType "swiss"]
[EventRounds "7"]
[EventCountry "ITA"]
[SourceTitle "EXT 2024"]
[Source "ChessBase"]
[SourceDate "2023.10.10"]
[SourceVersion "1"]
[SourceVersionDate "2023.10.10"]
[SourceQuality "1"]

1. e4 c5 2. Nf3 Nc6 3. d4 cxd4 4. Nxd4 g6 5. Nc3 Bg7 6. Be3 Nf6 7. f3 0-0 8. Qd2 a5 9. Be2 d5 10. Nxc6 bxc6 11. Rd1 e6 12. 0-0 Bb7 13. exd5 exd5 14. Rfe1 Re8 15. Na4 Nd7 16. Nc5 Nxc5 17. Bxc5 Qh4 18. Bf2 Qf6 19. c3 Qd6 20. Bd3 Be5 21. Qh6 Bg7 22. Qh4 Qf6 23. Qh3 Qd8 24. Bc5 Bc8 25. Rxe8+ Qxe8 26. Qg3 Be6 27. Re1 Qd7 28. Bc2 Qb7 29. Rb1 Qb5 30. Qf2 Re8 31. Bd4 Bxd4 32. Qxd4 Qe2 33. Qd3 Qe5 34. Qd2 Qd6 35. Re1 c5 36. Bb3 c4 37. Bd1 Qb6+ 38. Qf2 Rb8 39. Qxb6 Rxb6 40. Re2 Bf5 41. Rd2 Be6 42. Kf2 Kf8 43. Ke3 Ke7 44. Be2 a4 45. a3 Kf6 46. Kd4 g5 47. Bd1 Ra6 48. Kc5 h5 49. Kb4 Rb6+ 50. Kxa4 Bd7+ 51. Ka5 Rb5+ 52. Ka6 Rc5 53. Kb6 Rc8 54. Rxd5 Be6 55. Rd2 h4 56. a4 Ke5 57. a5 Rb8+ 58. Ka7 Rb5 59. a6 Bd5 60. Ba4 Ra5 61. Be8 Rc5 62. Kb6 Kd6 63. a7 1-0